Countries Closest to Sri Lanka - One Minute Sprint - Statistics

General Stats
  • This quiz has been taken 129 times
  • The average score is 15 of 20
Answer Stats
km country miles % Correct
1 India 1
100%
1874 Pakistan 1165
92%
1464 Indonesia 910
88%
1967 Malaysia 1222
87%
1810 Thailand 1125
87%
1628 Bangladesh 1011
86%
716 Maldives 445
84%
2150 China 1336
81%
1629 Myanmar 1012
81%
1955 Nepal 1215
79%
2337 Cambodia 1452
77%
2522 Vietnam 1567
77%
2360 Laos 1466
74%
2108 Bhutan 1310
73%
2646 Afghanistan 1644
69%
2494 Singapore 1550
69%
2570 Iran 1597
59%
2537 Oman 1577
48%
2795 Yemen 1737
40%
2898 Saudi Arabia 1801
39%
No matching quizzes found
Score Distribution
Percent of People with Each Score
Percentile by Number Answered
Your Score History
You have not taken this quiz